000 01203cam a22003254a 4500
999 _c41389
_d41389
001 11778239
003 OSt
005 20220103123457.0
008 990803s2000 flua b 001 0 eng
010 _a 99040308
020 _a0849381223 (alk. paper)
035 _a(DLC) 99040308
040 _aDLC
_cDLC
_dDLC
042 _apcc
050 0 0 _aRA1063.4
_b.N67 2000
082 0 0 _a614.1
_bNOR/D
100 1 _aNordby, Jon J.
_98950
245 1 0 _aDead reckoning :
_bthe art of forensic detection /
_cJon J. Nordby.
260 _aBoca Raton, FL :
_bCRC Press,
_cc2000.
300 _a273 p. :
_bill. ;
_c24 cm.
504 _aIncludes bibliographical references and index.
650 0 _aForensic pathology
_vCase studies.
650 0 _aDeath
_xCauses
_vCase studies.
650 0 _aHomicide investigation
_vCase studies.
856 4 2 _3Publisher description
_uhttp://www.loc.gov/catdir/enhancements/fy0744/99040308-d.html
906 _a7
_bcbc
_corignew
_d1
_eocip
_f19
_gy-gencatlg
942 _2ddc
_cBK
_h614.1
_iNOR/D
_k614.1
_mNOR/D